000 00403nam a22001697a 4500
999 _c525959
_d525959
003 NUST
020 _qH/B
038 _awaseem
082 _a891.423
_bGHU
100 _aGhuman, Ilyas
_915819
245 _aSakki Maan /
_cIlyas Ghuman
260 _aLahore :
_bIPLAC,
_c2000.
300 _a128 p. ;
880 _6100-01\r
_aالیاس گھمن
880 _6245-02\r
_aسکی ماں /
942 _2ddc
_cBK